L' eredità di Annibale: le conseguenze della guerra annibalica nella vita romana
Guardat en:
| Autor principal: | |
|---|---|
| Format: | Llibre |
| Idioma: | italià |
| Publicat: |
Turín
Einaudi
1981
|
| Col·lecció: | Biblioteca di Cultura Storica, 144
|
| Matèries: | |
| Etiquetes: |
Afegir etiqueta
Sense etiquetes, Sigues el primer a etiquetar aquest registre!
|
MARC
| LEADER | 00000nam a2200000 a 4500 | ||
|---|---|---|---|
| 001 | UCP9449 | ||
| 003 | CL-VaPUC | ||
| 008 | 000324e19810000IT |||||||||||||||||ita|d | ||
| 082 | 0 | 4 | |a 937.04 |b TOY |2 21 |
| 100 | |a Toynbee, Arnold Joseph |e autor |9 315218 | ||
| 245 | 1 | 3 | |a L' eredità di Annibale: le conseguenze della guerra annibalica nella vita romana |
| 300 | |a 2 v | ||
| 942 | |c BK | ||
| 945 | |d 20000324 00:00:00 |a rherrera | ||
| 260 | |a Turín |b Einaudi |c 1981 | ||
| 500 | |a v.1: Roma e l'Italia prima di Annibale | ||
| 600 | 0 | |a Aníbal de Cartago |d 247 a.C-182 a.C |9 438168 | |
| 650 | 0 | |a Historia antigua |9 267521 | |
| 650 | 7 | |a ROMA |2 CL-VaPUC |9 317375 | |
| 650 | 7 | |a CARTAGO |2 CL-VaPUC |9 439360 | |
| 650 | 0 | |a Guerras púnicas |9 318990 | |
| 650 | 7 | |a CONSECUENCIAS |2 CL-VaPUC |9 393685 | |
| 583 | |a last modification |c 20000324 00:00:00 |k Rodrigo Vera | ||
| 490 | 0 | |a Biblioteca di Cultura Storica, 144 | |
| 999 | |c 286261 |d 286259 | ||
| 952 | |0 0 |1 0 |4 0 |6 937_040000000000000_TOY_1981 |7 0 |8 A |9 331783 |a BIBHIS |b BIBHIS |d 2019-11-20 |h v.1 |i 1260103 |o 937.04 TOY 1981 |p 1260103 |r 2025-01-20 |w 2019-11-20 |y BK |k HIS | ||